Context and meaning in cultural anthropology

Salvato in:
Dettagli Bibliografici
Autore principale: Spiro, Melford E (Autore)
Natura: Libro
Lingua:inglese
Pubblicazione: Nueva York The Free Press 1965
Soggetti:
Tags: Aggiungi Tag
Nessun Tag, puoi essere il primo ad aggiungerne!!

MARC

LEADER 00000nam a2200000 a 4500
001 UCR9270
003 CL-VaPUC
008 980613e19650000US |||||||||||||||||eng|d
082 0 4 |a 306  |b SPI  |2 21 
100 0 |a Spiro, Melford E  |e author  |9 411604 
245 1 0 |a Context and meaning in cultural anthropology 
300 |a 442 p 
942 |c BK 
945 |d 19980613 00:00:00  |a cmena 
260 |a Nueva York  |b The Free Press  |c 1965 
650 0 |a Antropología cultural y social   |9 265143 
650 0 |a Costumbres y tradiciones   |9 268292 
650 0 |a Simbolismo  |9 267046 
650 0 |a Etnología   |9 258726 
650 0 |a Religión   |9 255164 
650 0 |a Organizaciones culturales  |9 350598 
583 |a last modification  |c 19980613 00:00:00  |k Rodrigo Vera 
999 |c 270472  |d 270470 
952 |0 0  |1 0  |4 0  |6 306_000000000000000_SPI_1965  |7 0  |8 A  |9 304777  |a BIBENE  |b BIBENE  |d 2019-11-20  |i 1415468  |o 306 SPI 1965  |p 1415468  |r 2025-01-15  |w 2019-11-20  |y BK  |k ICO